000 00767cam a22002658i 4500
001 19711780
005 20171214043123.0
008 170614s2018 mou b 001 0 eng
010 _a 2017028516
020 _a9780323443296 (hardback : alk. paper)
020 _z9780323443098 (Ebook)
035 _a(DNLM)101707604
040 _aDNLM/DLC
_beng
_erda
_cDLC
_dDLC
041 _aeng
042 _apcc
080 _a636.1089 REE
082 0 0 _a636.1089 REE
100 _a4
101 _aSHM
245 1 0 _aEquine internal medicine /
_c[edited by] Stephen M. Reed, Warwick M. Bayly, Debra C. Sellon.
263 _a1708
504 _aIncludes bibliographical references and index.
906 _a7
_bcbc
_corignew
_d1
_eecip
_f20
_gy-gencatlg
942 _2ddc
_cBK
999 _c38914
_d38914